|
|
|
|
| LEADER |
00000nab a2200000 4500 |
| 001 |
vtls011916002 |
| 003 |
SK-MaSNL |
| 005 |
20260303100431.0 |
| 008 |
200207|20200207xo |||| || ||00 0|slo |
| 015 |
|
|
|a SNBRB2020/02
|
| 040 |
|
|
|a DSZK
|b slo
|c DSZK
|e rda
|
| 041 |
0 |
|
|a slo
|
| 043 |
|
|
|a e-xo---
|
| 044 |
|
|
|a xo
|c SK
|
| 072 |
|
7 |
|a 796
|x Šport. Hry. Telesné cvičenia
|2 konspekt
|
| 080 |
|
|
|a 796.332.071.2
|2 2011
|
| 100 |
1 |
|
|a (mst)
|4 aut
|9 859309
|
| 245 |
1 |
0 |
|a V D. Strede stopér zo Sampdorie
|c [autor] (mst)
|
| 300 |
|
|
|b Fotografie
|
| 336 |
|
|
|a text
|b txt
|2 rdacontent
|
| 337 |
|
|
|a bez média
|b n
|2 rdamedia
|
| 338 |
|
|
|a zväzok
|b nc
|2 rdacarrier
|
| 600 |
1 |
7 |
|a Šimić, Lorenco,
|d 1996-
|2 dszk
|9 1108218
|
| 610 |
2 |
7 |
|a FK DAC 1904 Dunajská Streda
|2 dszk
|9 117991
|
| 650 |
0 |
7 |
|a futbalisti
|2 SNKPH
|9 43771
|
| 651 |
|
7 |
|a Dunajská Streda (Slovensko)
|2 SNKPHgeo
|9 17375
|
| 773 |
0 |
|
|t Šport
|g Roč. 74, č. 31 (7.2.2020), s. 25
|x 0139-7001
|
| 958 |
|
|
|a SK
|
| 958 |
|
|
|a RG
|
| 999 |
|
|
|c 1833113
|d 1835043
|